[Event "FIDE World Cup (w)"]
[Site "Khanty-Mansiysk RUS"]
[Date "2012.11.13"]
[Round "1.4"]
[White "Khukhashvili, Sopiko"]
[Black "Danielian, Elina"]
[Result "0-1"]
[WhiteElo "2383"]
[BlackElo "2476"]
[EventDate "2012.11.11"]
[PlyCount "114"]

1.e4 e6 2.d4 d5 3.Nd2 Nf6 4.Bd3 c5 5.e5 Nfd7 6.c3 Nc6 7.Ne2 Be7 8.O-O a5 
9.Nf3 b6 10.Bb5 Bb7 11.Nf4 O-O 12.Re1 Qc7 13.a3 Ba6 14.Bxa6 Rxa6 15.h3 b5 
16.Nh2 Rc8 17.Be3 b4 18.Ng4 bxc3 19.bxc3 Bf8 20.Nh5 Ne7 21.dxc5 Nf5 22.Qd3
Rc6 23.c4 Nxc5 24.Bxc5 dxc4 25.Qxc4 Rxc5 26.Qf4 Rc4 27.Qd2 Qd8 28.Qxd8 
Rxd8 29.Ne3 Nxe3 30.Rxe3 Bc5 31.Rg3 g6 32.Nf6+ Kg7 33.Rb1 Bd4 34.Rb5 Rc1+ 
35.Kh2 Bxf2 36.Rf3 Bd4 37.Ng4 h5 38.Nf2 Rd5 39.Rb7 Bxe5+ 40.g3 Rc7 41.Rxc7
Bxc7 42.Kg2 Rd2 43.Rb3 Bd6 44.Rb5 Rc2 45.Kf1 Bxg3 46.Ne4 Bc7 47.a4 Rc4 48.
Nc5 h4 49.Ke2 g5 50.Kd3 Rb4 51.Rxb4 axb4 52.Kc4 Kf6 53.Kxb4 Kf5 54.a5 
Bxa5+ 55.Kxa5 g4 56.hxg4+ Kxg4 57.Ne4 h3 0-1

[Event "FIDE World Cup (w)"]
[Site "Khanty-Mansiysk RUS"]
[Date "2012.11.13"]
[Round "1.5"]
[White "Khukhashvili, Sopiko"]
[Black "Danielian, Elina"]
[Result "0-1"]
[WhiteElo "2383"]
[BlackElo "2476"]
[EventDate "2012.11.11"]
[PlyCount "130"]

1.e4 e6 2.d4 d5 3.Nc3 Nf6 4.Bg5 dxe4 5.Nxe4 Nbd7 6.Nf3 Be7 7.Nxf6+ Bxf6 8.
Be3 c5 9.c3 cxd4 10.cxd4 O-O 11.Bd3 Nb6 12.O-O Nd5 13.Qc2 h6 14.Qd2 Nxe3 
15.Qxe3 Qd5 16.Be4 Qb5 17.Bd3 Qd5 18.Be4 Qd6 19.Rad1 Bd7 20.Ne5 Bc6 21.
Nxc6 bxc6 22.Qf3 Rab8 23.b3 Rfc8 24.Bb1 Rb4 25.Qd3 g6 26.Qa6 Rd8 27.Be4 
Bxd4 28.Qxc6 Qxc6 29.Bxc6 Kg7 30.g3 e5 31.Kg2 Rb6 32.Be4 Ra6 33.Rd2 Rad6 
34.Bf3 f5 35.Be2 Kf6 36.Rc1 Bb6 37.Rdc2 Rd2 38.Kf1 e4 39.a4 g5 40.Rc6+ 
R8d6 41.R6c4 Rb2 42.b4 Rdd2 43.Re1 Ke5 44.a5 Bd4 45.b5 f4 46.gxf4+ gxf4 
47.f3 e3 48.Rc6 h5 49.Rh6 Bc3 50.Rxh5+ Kf6 51.b6 axb6 52.Rh6+ Kg5 53.Rxb6 
Bxa5 54.Rxb2 Rxb2 55.Rc1 Bd2 56.Rc5+ Kh4 57.Bd3 Bb4 58.Rb5 Rf2+ 59.Kg1 Be7
60.Be4 Rd2 61.Bg6 Bg5 62.Rb7 Rd1+ 63.Kg2 e2 64.Rh7+ Bh6 65.Rxh6+ Kg5 0-1

[Event "FIDE World Cup (w)"]
[Site "Khanty-Mansiysk RUS"]
[Date "2012.11.13"]
[Round "1.6"]
[White "Danielian, Elina"]
[Black "Khukhashvili, Sopiko"]
[Result "1-0"]
[WhiteElo "2476"]
[BlackElo "2383"]
[EventDate "2012.11.11"]
[PlyCount "123"]

1.d4 d6 2.Nf3 g6 3.g3 Bg7 4.Bg2 Nd7 5.e4 e6 6.O-O Ne7 7.c3 h6 8.a4 a5 9.
Re1 O-O 10.Na3 b6 11.e5 d5 12.h4 Ba6 13.Bf4 Kh7 14.Qd2 Rc8 15.Nc2 c5 16.
Ne3 Qc7 17.Ng4 Nf5 18.Nf6+ Bxf6 19.exf6 Nd6 20.Bxh6 Nxf6 21.Bxf8 Rxf8 22.
Ng5+ Kg8 23.Qf4 Nde8 24.Qxc7 Nxc7 25.Nf3 Nce8 26.Ne5 Nd6 27.f3 Kg7 28.Bf1 
Bxf1 29.Kxf1 cxd4 30.cxd4 Nf5 31.Kf2 Nxd4 32.Rac1 Nb3 33.Rc6 Rb8 34.Rc7 
Rf8 35.Rb7 Nc5 36.Rxb6 Rd8 37.Rd1 Nfd7 38.Nxd7 Rxd7 39.b3 d4 40.Rb5 Rd5 
41.Ke2 d3+ 42.Kd2 Re5 43.Re1 Rf5 44.Rc1 Rxf3 45.Rbxc5 Rxg3 46.R1c3 Rg4 47.
R5c4 Rg2+ 48.Kxd3 f5 49.Rc5 Rh2 50.R3c4 Rh3+ 51.Kc2 Rh2+ 52.Kc3 Rh3+ 53.
Kb2 Re3 54.Rxa5 e5 55.h5 Kh6 56.hxg6 Kxg6 57.Ra8 f4 58.Rf8 Kg5 59.a5 f3 
60.a6 Re2+ 61.Rc2 e4 62.a7 1-0

[Event "FIDE World Cup (w)"]
[Site "Khanty-Mansiysk RUS"]
[Date "2012.11.11"]
[Round "1.1"]
[White "Foisor, Cristina"]
[Black "Muzychuk, Maria"]
[Result "1/2-1/2"]
[WhiteElo "2383"]
[BlackElo "2476"]
[EventDate "2012.11.11"]
[PlyCount "187"]

1.e4 c5 2.d3 Nc6 3.g3 g6 4.Bg2 Bg7 5.f4 d6 6.Nf3 e5 7.c3 Nge7 8.O-O O-O 9.
Na3 b6 10.Nc2 Bb7 11.f5 gxf5 12.exf5 f6 13.Nh4 d5 14.d4 Qd7 15.Be3 cxd4 
16.cxd4 e4 17.Rf2 Nd8 18.Qd2 Nf7 19.Bf1 Rac8 20.Ne1 Nd6 21.b3 Rc7 22.Rc1 
Rxc1 23.Qxc1 Rc8 24.Qd2 Qc6 25.g4 Qc3 26.Nhg2 Qxd2 27.Rxd2 h5 28.h3 hxg4 
29.hxg4 Nf7 30.Rc2 Ng5 31.Rxc8+ Nxc8 32.Nf4 Kf7 33.Kf2 Nd6 34.Nc2 Bf8 35.
Be2 Ne8 36.Ng6 Bd6 37.Bxg5 fxg5 38.Ne5+ Kf6 39.Nd7+ Ke7 40.Ne5 Nc7 41.Ke3 
Kf6 42.Nd7+ Kg7 43.Ne5 Bc8 44.b4 a6 45.b5 axb5 46.Nc6 Kf6 47.N6b4 Bd7 48.
Kf2 Ke7 49.a3 Bf4 50.Ne3 Kd6 51.Bd1 Be8 52.Bb3 Bf7 53.Ke2 Bg8 54.Ba2 Bxe3 
55.Kxe3 Ne8 56.Bb3 Bf7 57.Bd1 Kc7 58.Bb3 Nf6 59.Bd1 Be8 60.Be2 Bd7 61.Na2 
Bc6 62.Nc3 Kb7 63.Kf2 Bd7 64.Ke3 Be8 65.Kd2 Bc6 66.Kc2 Ka6 67.Kb3 Ka5 68.
Nd1 Bd7 69.Ne3 Be8 70.Bd1 Bf7 71.Kc3 Be8 72.Bb3 Bf7 73.Ba2 Ka4 74.Bb3+ Ka5
75.Bd1 Be8 76.Kb3 Bd7 77.Nc2 Bc6 78.Nb4 Bb7 79.Kc3 Ba8 80.Nc2 Bc6 81.Ne3 
Be8 82.Nf1 Bc6 83.Ng3 Be8 84.Kb3 Bf7 85.Be2 Be8 86.Nf1 Bf7 87.Ne3 Be8 88.
Nd1 Bd7 89.Nf2 Be8 90.Nh3 Nh7 91.Bd1 Bd7 92.Kc3 Be8 93.Bb3 Bf7 94.Bd1 
1/2-1/2

[Event "FIDE World Cup (w)"]
[Site "Khanty-Mansiysk RUS"]
[Date "2012.11.12"]
[Round "1.2"]
[White "Muzychuk, Maria"]
[Black "Foisor, Cristina"]
[Result "1/2-1/2"]
[WhiteElo "2476"]
[BlackElo "2383"]
[EventDate "2012.11.11"]
[PlyCount "138"]

1.d4 f5 2.Nc3 d5 3.Bf4 c6 4.e3 Nf6 5.h3 e6 6.Bd3 Bd6 7.Bxd6 Qxd6 8.Nf3 O-O
9.O-O b6 10.Ne2 Ba6 11.Bxa6 Nxa6 12.Nf4 Nc7 13.Qd3 Ne4 14.Ne5 c5 15.a4 c4 
16.Qa3 Rfd8 17.f3 Ng3 18.Qxd6 Rxd6 19.Rfe1 g5 20.Ne2 Nxe2+ 21.Rxe2 Ne8 22.
b3 cxb3 23.cxb3 Rc8 24.b4 Rdd8 25.b5 Nd6 26.Raa2 Rc1+ 27.Kf2 Nc4 28.Nc6 
Rd7 29.Rec2 Rb1 30.Ne5 Nxe5 31.dxe5 f4 32.Rc8+ Kf7 33.exf4 gxf4 34.Rac2 
Rb4 35.R2c7 Rxc7 36.Rxc7+ Kg6 37.Rxa7 Kf5 38.Rxh7 Kxe5 39.Rb7 Rxa4 40.Rxb6
Ra2+ 41.Kg1 Ra1+ 42.Kh2 d4 43.Rb8 Rb1 44.b6 d3 45.Rd8 Rxb6 46.Rxd3 Kf5 47.
Rd8 e5 48.Rg8 Rb1 49.h4 Ra1 50.Rg5+ Kf6 51.Kh3 Ra2 52.Rg8 Kf7 53.Rb8 Kg6 
54.Rb6+ Kh5 55.Re6 Re2 56.Rf6 Re1 57.Rf5+ Kh6 58.Kg4 Re2 59.Rh5+ Kg6 60.
Rg5+ Kf6 61.Kh5 e4 62.Rg6+ Kf5 63.fxe4+ Rxe4 64.Rg8 Kf6 65.Rf8+ Kg7 66.Rf5
Re2 67.Rg5+ Kh7 68.Rg4 Re5+ 69.Rg5 Re2 1/2-1/2

[Event "FIDE World Cup (w)"]
[Site "Khanty-Mansiysk RUS"]
[Date "2012.11.13"]
[Round "1.4"]
[White "Foisor, Cristina"]
[Black "Muzychuk, Maria"]
[Result "1/2-1/2"]
[WhiteElo "2383"]
[BlackElo "2476"]
[EventDate "2012.11.11"]
[PlyCount "93"]

1.e4 c5 2.d3 Nc6 3.g3 Nf6 4.Bg2 d5 5.Nd2 Bg4 6.f3 Bc8 7.Nh3 e5 8.Nf2 Be7 
9.O-O O-O 10.c3 Be6 11.f4 exf4 12.gxf4 dxe4 13.dxe4 Qc7 14.Qf3 g6 15.Re1 
Nh5 16.Nf1 Rad8 17.Ng3 Nxg3 18.hxg3 f5 19.Be3 fxe4 20.Qxe4 Bd5 21.Qa4 Bxg2
22.Kxg2 b6 23.Qc4+ Kg7 24.Rh1 Qb7 25.Qe4 Na5 26.Rad1 Qxe4+ 27.Nxe4 Nc4 28.
Bc1 Nd6 29.Nxd6 Bxd6 30.Rd5 Be7 31.Rhd1 Rxd5 32.Rxd5 Rd8 33.Rxd8 Bxd8 34.
Kf3 Kf7 35.c4 Bf6 36.b3 h5 37.Be3 Ke6 38.g4 hxg4+ 39.Kxg4 Be7 40.Bf2 Bf6 
41.Be1 Be7 42.Bc3 Bf6 43.Bd2 Be7 44.a4 a5 45.Be1 Bf6 46.Bf2 Be7 47.Be1 
1/2-1/2

[Event "FIDE World Cup (w)"]
[Site "Khanty-Mansiysk RUS"]
[Date "2012.11.13"]
[Round "1.6"]
[White "Foisor, Cristina"]
[Black "Muzychuk, Maria"]
[Result "0-1"]
[WhiteElo "2383"]
[BlackElo "2476"]
[EventDate "2012.11.11"]
[PlyCount "106"]

1.e4 c5 2.d3 Nc6 3.g3 Nf6 4.Bg2 d5 5.Nd2 Bg4 6.f3 Bc8 7.Nh3 dxe4 8.dxe4 b6
9.O-O Ba6 10.Re1 e6 11.Nf2 Be7 12.c3 Qc7 13.Qc2 O-O 14.Nf1 Rad8 15.Bf4 Qc8
16.Rad1 h6 17.Rxd8 Rxd8 18.Rd1 Nd7 19.Bd6 Bxd6 20.Rxd6 Qc7 21.Rd2 c4 22.
Ne3 Nc5 23.Rxd8+ Qxd8 24.Qd1 Qc7 25.Bf1 Ne5 26.Be2 Ncd3 27.Qd2 Qc5 28.b4 
cxb3 29.axb3 Nxf2 30.Kxf2 Bxe2 31.b4 Qc7 32.Kxe2 a5 33.bxa5 bxa5 34.Qd4 
Qb8 35.Qa4 Qb2+ 36.Qc2 Qb5+ 37.c4 Qc5 38.h4 Nc6 39.Qa4 Nd4+ 40.Kf2 Qb6 41.
Qa2 Qb4 42.g4 a4 43.c5 a3 44.Nc4 Qc3 45.Nd2 Qxc5 46.Kg2 Qc3 47.h5 Qe3 48.
e5 Qe2+ 49.Kg3 Nxf3 50.Qxa3 Nxd2 51.Qa8+ Kh7 52.Qb7 Qxe5+ 53.Kg2 Qe4+ 0-1

[Event "FIDE World Cup (w)"]
[Site "Khanty-Mansiysk RUS"]
[Date "2012.11.13"]
[Round "1.7"]
[White "Foisor, Cristina"]
[Black "Muzychuk, Maria"]
[Result "1-0"]
[WhiteElo "2383"]
[BlackElo "2476"]
[EventDate "2012.11.11"]
[PlyCount "79"]

1.e4 c5 2.d3 Nc6 3.g3 Nf6 4.c4 g6 5.Nc3 Bg7 6.Bg2 d6 7.Nge2 O-O 8.a3 e6 9.
O-O a6 10.Rb1 Rb8 11.b4 cxb4 12.axb4 b5 13.cxb5 axb5 14.d4 d5 15.e5 Nd7 
16.h4 Ba6 17.Bg5 Qc7 18.Qd2 Nb6 19.Bh6 Nc4 20.Qf4 f6 21.Bxg7 Qxg7 22.exf6 
Rxf6 23.Qc1 Bc8 24.Qd1 Bd7 25.Nf4 Rxf4 26.gxf4 Nxd4 27.Ne2 Nf5 28.Ra1 Nxh4
29.Qd4 Qe7 30.Ra7 Rf8 31.Qc5 Qe8 32.Rfa1 Nf5 33.Nd4 Nxd4 34.Qxd4 Nd6 35.
Ra8 Qf7 36.Rxf8+ Qxf8 37.Ra7 Bc8 38.Qe5 Nf7 39.Qc7 Nd6 40.Qxh7# 1-0

[Event "FIDE World Cup (w)"]
[Site "Khanty-Mansiysk RUS"]
[Date "2012.11.13"]
[Round "1.9"]
[White "Foisor, Cristina"]
[Black "Muzychuk, Maria"]
[Result "1/2-1/2"]
[WhiteElo "2383"]
[BlackElo "2476"]
[EventDate "2012.11.11"]
[PlyCount "142"]

1.e4 c5 2.d3 Nc6 3.g3 Nf6 4.c4 e6 5.Bg2 d5 6.Nd2 dxe4 7.dxe4 Be7 8.Ne2 O-O
9.O-O Qc7 10.a3 Rd8 11.Qc2 e5 12.Rd1 Be6 13.b3 Rd7 14.Bb2 Rad8 15.Nf1 Nd4 
16.Nxd4 cxd4 17.Qd3 a5 18.Bc1 a4 19.Nd2 axb3 20.Qxb3 Rc8 21.Bf1 Ne8 22.Rb1
Nd6 23.f3 Nxc4 24.Nxc4 Bxc4 25.Bxc4 Qxc4 26.Qxc4 Rxc4 27.Rb5 f6 28.Bb2 Rc2
29.Rc1 Rxc1+ 30.Bxc1 Kf7 31.Kf2 Rc7 32.Bb2 Rc2+ 33.Ke1 Rc7 34.Kd2 Ke6 35.
Rb6+ Kd7 36.Kd3 g6 37.a4 Kc8 38.f4 Rc6 39.Rb5 Bd6 40.g4 exf4 41.Bxd4 Be7 
42.h3 Kc7 43.a5 Rc1 44.Bb6+ Kc6 45.Rb3 Bc5 46.Bxc5 Rxc5 47.Rb6+ Kc7 48.
Rxf6 Rxa5 49.Rf7+ Kd6 50.Rxh7 Ra3+ 51.Kd4 b5 52.Rg7 Rxh3 53.Rxg6+ Ke7 54.
g5 f3 55.Rf6 Rg3 56.Rf5 f2 57.Rxf2 Rxg5 58.Rh2 Ke6 59.Rh6+ Ke7 60.Rb6 Kd7 
61.e5 Rg1 62.Rd6+ Ke7 63.Rb6 Rd1+ 64.Kc3 Re1 65.Rxb5 Ke6 66.Kd4 Rd1+ 67.
Ke4 Re1+ 68.Kf4 Rf1+ 69.Ke3 Re1+ 70.Kd4 Rd1+ 71.Kc3 Rd5 1/2-1/2

[Event "FIDE World Cup (w)"]
[Site "Khanty-Mansiysk RUS"]
[Date "2012.11.11"]
[Round "1.1"]
[White "Ovod, Evgenia"]
[Black "Hoang, Thanh Trang"]
[Result "1/2-1/2"]
[WhiteElo "2384"]
[BlackElo "2470"]
[EventDate "2012.11.11"]
[PlyCount "89"]

1.Nf3 f5 2.g3 Nf6 3.Bg2 g6 4.O-O Bg7 5.c4 O-O 6.d4 d6 7.Nc3 Nc6 8.d5 Ne5 
9.Nxe5 dxe5 10.c5 e4 11.Qb3 Kh8 12.Rd1 e6 13.dxe6 Qe7 14.Bf4 Qxc5 15.Rac1 
Qe7 16.Na4 Qxe6 17.Rxc7 Qxb3 18.axb3 b6 19.Nc3 Be6 20.b4 Rf7 21.f3 Rxc7 
22.Bxc7 Re8 23.Ra1 Nd5 24.Nxd5 Bxd5 25.Rxa7 Bd4+ 26.Kf1 b5 27.Ra1 Bxb2 28.
Rd1 Bc4 29.fxe4 fxe4 30.Rd8 Rxd8 31.Bxd8 e3 32.g4 Bc3 33.Be7 Kg7 34.h4 Kf7
35.Bc5 Ke6 36.Bf3 Ke5 37.Kg2 Bd2 38.h5 gxh5 39.gxh5 Kf5 40.Kh3 Bc3 41.Bg4+
Kf4 42.Bd6+ Ke4 43.Bf3+ Kf5 44.Bg4+ Ke4 45.Bf3+ 1/2-1/2

[Event "FIDE World Cup (w)"]
[Site "Khanty-Mansiysk RUS"]
[Date "2012.11.12"]
[Round "1.2"]
[White "Hoang, Thanh Trang"]
[Black "Ovod, Evgenia"]
[Result "1-0"]
[WhiteElo "2470"]
[BlackElo "2384"]
[EventDate "2012.11.11"]
[PlyCount "113"]

1.d4 d5 2.c4 c6 3.Nf3 Nf6 4.e3 Bg4 5.Qb3 Qb6 6.Nc3 e6 7.Nh4 Be7 8.h3 Bh5 
9.g4 Nfd7 10.cxd5 cxd5 11.Nf5 Bg6 12.Qxb6 Nxb6 13.Nxe7 Kxe7 14.b3 Nc6 15.
Ba3+ Kd7 16.Rc1 h5 17.g5 Nc8 18.Na4 Nd6 19.Nc5+ Kc7 20.f3 Rhd8 21.Kf2 Rac8
22.Be2 Kb8 23.Rc3 Bf5 24.h4 Bg6 25.Rhc1 Ne7 26.Bb4 Rc6 27.a4 b6 28.Na6+ 
Kb7 29.Rxc6 Nxc6 30.Bb5 Nxb5 31.axb5 Rc8 32.bxc6+ Kxa6 33.Bd6 Kb5 34.c7 
Ka6 35.Ke2 Kb7 36.Kd2 a5 37.Re1 Kc6 38.Bf4 Kd7 39.e4 dxe4 40.fxe4 b5 41.d5
Re8 42.dxe6+ Rxe6 43.Kc3 b4+ 44.Kd4 f5 45.Kc5 Kc8 46.Rd1 Re8 47.Rd6 Bf7 
48.exf5 Bxb3 49.Ra6 Kd7 50.Rxa5 Bc2 51.f6 gxf6 52.gxf6 Bd3 53.Ra4 Re4 54.
Ra8 Ba6 55.Rd8+ Ke6 56.Rd6+ Kf7 57.Rxa6 1-0

[Event "FIDE World Cup (w)"]
[Site "Khanty-Mansiysk RUS"]
[Date "2012.11.12"]
[Round "1.2"]
[White "Matveeva, Svetlana"]
[Black "Pogonina, Natalia"]
[Result "1/2-1/2"]
[WhiteElo "2377"]
[BlackElo "2478"]
[EventDate "2012.11.11"]
[PlyCount "100"]

1.d4 Nf6 2.c4 e6 3.Nc3 Bb4 4.e3 O-O 5.Ne2 d5 6.a3 Be7 7.cxd5 exd5 8.g3 c6 
9.Bg2 a5 10.O-O Na6 11.Qc2 Re8 12.Bd2 b6 13.Rad1 Bb7 14.Bc1 Nc7 15.Nf4 Bd6
16.f3 c5 17.Na4 cxd4 18.exd4 Ne6 19.Nxe6 Rxe6 20.Bh3 Re8 21.Bg5 h6 22.Bxf6
Qxf6 23.Nxb6 Rad8 24.Nd7 Qg5 25.Nc5 Bc8 26.Bg2 Bxc5 27.dxc5 d4 28.f4 Qe7 
29.c6 Ba6 30.Rf2 d3 31.Qc3 Qc7 32.Bf3 Qb6 33.Kg2 Rd4 34.Re1 Red8 35.c7 Rc8
36.Re7 Qd6 37.Re4 Rxe4 38.Bxe4 Rxc7 39.Qxa5 Bb7 40.Bxb7 Rxb7 41.Rd2 Qc6+ 
42.Kf2 Rd7 43.Qe5 Rd8 44.Qe3 Qh1 45.h4 Qh2+ 46.Kf3 Qh1+ 47.Kf2 Qh2+ 48.Kf3
Qh1+ 49.Kf2 Qh2+ 50.Kf3 Qh1+ 1/2-1/2

[Event "FIDE World Cup (w)"]
[Site "Khanty-Mansiysk RUS"]
[Date "2012.11.13"]
[Round "1.4"]
[White "Matveeva, Svetlana"]
[Black "Pogonina, Natalia"]
[Result "0-1"]
[WhiteElo "2377"]
[BlackElo "2478"]
[EventDate "2012.11.11"]
[PlyCount "60"]

1.d4 Nf6 2.c4 e6 3.Nc3 Bb4 4.e3 O-O 5.Ne2 Re8 6.a3 Bf8 7.d5 a5 8.g3 Na6 9.
Bg2 Nc5 10.b3 exd5 11.cxd5 b6 12.O-O Ba6 13.Ra2 Bd6 14.b4 Bxe2 15.Rxe2 
axb4 16.axb4 Nce4 17.Nxe4 Nxe4 18.Bb2 f5 19.Qb3 Qg5 20.f3 Nf6 21.e4 fxe4 
22.fxe4 Ng4 23.h3 Ne5 24.Rf5 Qg6 25.Ref2 Kh8 26.Bd4 c5 27.dxc6 Nxc6 28.Bb2
Bxg3 29.R2f3 Be5 30.b5 Nd4 0-1

[Event "FIDE World Cup (w)"]
[Site "Khanty-Mansiysk RUS"]
[Date "2012.11.12"]
[Round "1.2"]
[White "Stefanova, Antoaneta"]
[Black "Romanko, Marina"]
[Result "1-0"]
[WhiteElo "2491"]
[BlackElo "2355"]
[EventDate "2012.11.11"]
[PlyCount "87"]

1.d4 d5 2.c4 c6 3.cxd5 cxd5 4.Nc3 Nf6 5.Bf4 Qb6 6.e3 Qxb2 7.Bb5+ Bd7 8.
Bxd7+ Nbxd7 9.Nge2 Qa3 10.Rb1 b6 11.O-O a6 12.Bc7 e6 13.Bxb6 Bd6 14.g3 
Nxb6 15.Rxb6 Be7 16.Qa4+ Qxa4 17.Nxa4 O-O 18.Rc1 Rfb8 19.Nf4 Kf8 20.Nd3 
Nd7 21.Rxb8+ Rxb8 22.Rc7 Ke8 23.Ra7 Rb1+ 24.Kg2 Nb8 25.Ndc5 Bd8 26.Nxa6 
Nc6 27.Ra8 Ke7 28.N6c5 Ba5 29.Ra6 Kd6 30.Nd3 Kc7 31.Ne5 Nxe5 32.Rxa5 Nc6 
33.Ra8 g6 34.g4 Ra1 35.Nc5 e5 36.Nb3 Rd1 37.dxe5 Nxe5 38.g5 Rb1 39.Nd4 Rb2
40.Kg3 Kd6 41.Ra7 Nd7 42.a4 f6 43.Nb5+ Ke6 44.Nc7+ 1-0

[Event "FIDE World Cup (w)"]
[Site "Khanty-Mansiysk RUS"]
[Date "2012.11.11"]
[Round "1.1"]
[White "Ju Wenjun"]
[Black "Pourkashiyan, Atousa"]
[Result "1-0"]
[WhiteElo "2501"]
[BlackElo "2321"]
[EventDate "2012.11.11"]
[PlyCount "65"]

1.d4 Nf6 2.c4 e5 3.dxe5 Ng4 4.Nf3 Bc5 5.e3 Nc6 6.a3 a5 7.Nc3 Ngxe5 8.Nxe5 
Nxe5 9.f4 Ng6 10.Bd3 O-O 11.O-O f5 12.Kh1 d6 13.Bd2 Be6 14.Qc2 Qd7 15.e4 
Ne7 16.Rae1 Nc6 17.exf5 Bxf5 18.Bxf5 Rxf5 19.Nd5 Rf7 20.b4 Ba7 21.Bc3 axb4
22.axb4 Re8 23.Rxe8+ Qxe8 24.Re1 Qd8 25.Qe4 Bf2 26.Re2 Bb6 27.g3 Qf8 28.b5
Na5 29.f5 Nb3 30.Ne7+ Kh8 31.Qh4 Qa8 32.Re4 Bc5 33.Qxh7+ 1-0

[Event "FIDE World Cup (w)"]
[Site "Khanty-Mansiysk RUS"]
[Date "2012.11.13"]
[Round "1.5"]
[White "Ju Wenjun"]
[Black "Pourkashiyan, Atousa"]
[Result "1-0"]
[WhiteElo "2501"]
[BlackElo "2321"]
[EventDate "2012.11.11"]
[PlyCount "227"]

1.d4 Nf6 2.c4 e6 3.g3 Bb4+ 4.Bd2 Bxd2+ 5.Qxd2 d5 6.Bg2 O-O 7.Nf3 Nbd7 8.
O-O c6 9.a4 a5 10.Rc1 Re8 11.b3 Qe7 12.Nc3 Qd6 13.Qb2 h6 14.e3 Kh8 15.Rd1 
Kg8 16.Rac1 Qe7 17.Qc2 Kh8 18.h3 Kg8 19.e4 dxc4 20.e5 cxb3 21.Qxb3 Nd5 22.
Ne4 N7b6 23.Nd6 Rd8 24.Nd2 Nb4 25.N2c4 Nxc4 26.Rxc4 Rb8 27.f4 Rxd6 28.exd6
Qxd6 29.Qe3 f6 30.Rcc1 Bd7 31.Be4 b5 32.Qa3 bxa4 33.Qxa4 Qc7 34.Qa3 Ra8 
35.Kh2 Qb6 36.Rc5 Nd5 37.Rb1 Qc7 38.Bg2 Be8 39.Ra1 a4 40.Rb1 Qa7 41.Re1 
Bd7 42.Rb1 Kh8 43.Rb2 Qa6 44.Rc1 Qa7 45.Rc4 Qa6 46.Rc1 Qa7 47.Rc5 Qa6 48.
Rc1 Qa7 49.Rc4 Qa6 50.Rc5 Qa7 51.Be4 Qa6 52.Bd3 Qa7 53.Be2 Be8 54.Bd1 Qa6 
55.Be2 Qa7 56.Bd3 Bd7 57.Bc2 Qa6 58.Bd3 Qa7 59.Bb1 Qa6 60.Kg2 Kg8 61.Bd3 
Qa7 62.Kh2 Kh8 63.Be2 Kg8 64.Bd1 Qa6 65.Be2 Qa7 66.Bc4 Kh8 67.Bd3 Kg8 68.
Be2 Kh8 69.Bf3 Qa6 70.Be2 Qa7 71.Bf1 Kg8 72.Bg2 Qa6 73.Rc1 Qa7 74.Rc5 Qa6 
75.Rc1 Qa7 76.Rc5 Qa6 77.Ra2 Kh8 78.Rc1 Qb5 79.Rb2 Qa6 80.Ra1 Qc4 81.Qc5 
Qd3 82.Ra3 Qa6 83.Qd6 Qc8 84.Rb1 Kg8 85.Be4 Qd8 86.Rb7 Nb6 87.Bc2 Kh8 88.
Ra2 Kg8 89.Rxb6 Qxb6 90.Qxd7 Kh8 91.Qxe6 Qxd4 92.Bb1 a3 93.Qf5 Kg8 94.Qh7+
Kf7 95.Bg6+ Ke7 96.Qxg7+ Kd6 97.Bf5 Ra7 98.Qf8+ Kc7 99.Qe7+ Kb6 100.Qe6 
Ra5 101.Qb3+ Kc7 102.Bd3 Rd5 103.Bf1 Rc5 104.Qxa3 h5 105.Qd3 Qb4 106.Bg2 
h4 107.Qh7+ Kd6 108.Qxh4 Qd4 109.Qh8 Qc4 110.Qd8+ Ke6 111.Qg8+ Kd6 112.
Rd2+ Kc7 113.Qd8+ Kb7 114.Rd7+ 1-0

[Event "FIDE World Cup (w)"]
[Site "Khanty-Mansiysk RUS"]
[Date "2012.11.13"]
[Round "1.6"]
[White "Pourkashiyan, Atousa"]
[Black "Ju Wenjun"]
[Result "0-1"]
[WhiteElo "2321"]
[BlackElo "2501"]
[EventDate "2012.11.11"]
[PlyCount "96"]

1.e4 c5 2.Nf3 d6 3.d4 cxd4 4.Nxd4 Nf6 5.Nc3 a6 6.Bc4 e6 7.O-O b5 8.Bb3 Be7
9.Qf3 Qc7 10.Qg3 O-O 11.Bh6 Ne8 12.Rad1 b4 13.Nce2 Bf6 14.Kh1 Nd7 15.Bxe6 
fxe6 16.Nxe6 Qxc2 17.Nxf8 Kxf8 18.Bd2 Qxe4 19.Rfe1 Qh4 20.Qxh4 Bxh4 21.
Bxb4 Nc5 22.Ng3 Rb8 23.Ba3 Bf6 24.b3 g6 25.Re2 Bb7 26.f3 Bc6 27.Rc2 Be7 
28.b4 Ba4 29.bxc5 Bxc2 30.Rc1 Rb1 31.c6 Rxc1+ 32.Bxc1 Ba4 33.Ne2 Bxc6 34.
Nd4 Bd5 35.a4 Bf6 36.Ne2 Bc6 37.a5 d5 38.Kg1 Nc7 39.Nf4 Kf7 40.Kf1 d4 41.
Ke1 Nd5 42.Nd3 Bb5 43.Nc5 d3 44.Ne4 Be7 45.Bd2 Ke6 46.Kd1 Ke5 47.g3 Bb4 
48.h4 Kd4 0-1

[Event "FIDE World Cup (w)"]
[Site "Khanty-Mansiysk RUS"]
[Date "2012.11.11"]
[Round "1.1"]
[White "Khotenashvili, Bela"]
[Black "Arribas Robaina, Maritza"]
[Result "1-0"]
[WhiteElo "2504"]
[BlackElo "2273"]
[EventDate "2012.11.11"]
[PlyCount "93"]

1.d4 Nf6 2.c4 g6 3.Nc3 Bg7 4.Nf3 d6 5.g3 O-O 6.Bg2 c6 7.O-O Nbd7 8.e4 e5 
9.h3 exd4 10.Nxd4 Re8 11.Re1 Ne5 12.b3 Qa5 13.Bb2 h5 14.f4 Ned7 15.a3 Qc7 
16.Qd2 a5 17.Rad1 Nc5 18.Kh1 Qe7 19.Qf2 Nh7 20.b4 axb4 21.axb4 Ne6 22.Nf3 
Nc7 23.Rd2 Be6 24.Nd5 cxd5 25.exd5 Bxb2 26.Rxb2 Qf6 27.dxe6 Rxe6 28.Rxe6 
Nxe6 29.Rd2 Ra1+ 30.Kh2 Rb1 31.b5 Nc5 32.Qd4 Rc1 33.Qxf6 Nxf6 34.Rxd6 Kg7 
35.Ne5 Nfe4 36.Bxe4 Nxe4 37.Rd7 Rc2+ 38.Kg1 Rc1+ 39.Kg2 Rc2+ 40.Kg1 Rc1+ 
41.Kg2 Rc2+ 42.Kf1 Nxg3+ 43.Ke1 Kg8 44.Rxb7 f6 45.Nxg6 Rxc4 46.b6 Nf5 47.
Ne7+ 1-0

[Event "FIDE World Cup (w)"]
[Site "Khanty-Mansiysk RUS"]
[Date "2012.11.12"]
[Round "1.2"]
[White "Arribas Robaina, Maritza"]
[Black "Khotenashvili, Bela"]
[Result "1-0"]
[WhiteElo "2273"]
[BlackElo "2504"]
[EventDate "2012.11.11"]
[PlyCount "115"]

1.e4 c6 2.d4 d5 3.e5 c5 4.c3 Nc6 5.Nf3 Bg4 6.dxc5 e6 7.Be3 Nge7 8.Nbd2 a6 
9.Be2 Ng6 10.O-O Be7 11.Bd4 Nf4 12.Re1 g5 13.Bf1 Bh5 14.g3 Ng6 15.h3 Nf8 
16.b4 Nd7 17.Qb3 g4 18.hxg4 Bxg4 19.c4 dxc4 20.Qxc4 h5 21.Bc3 Rg8 22.Nh2 
Bf5 23.Ndf3 Qc7 24.a4 Rc8 25.a5 Rd8 26.Rad1 Nf8 27.Rxd8+ Qxd8 28.Nd4 Nxd4 
29.Qxd4 Qc7 30.Bg2 Nd7 31.Qd1 Nb8 32.Qxh5 Nc6 33.Qe2 Kf8 34.Nf3 Rg4 35.Qd2
Rc4 36.Bf1 Re4 37.Rxe4 Bxe4 38.Qh6+ Ke8 39.Ng5 Bxg5 40.Qxg5 Ne7 41.Qh4 Bc6
42.Qh8+ Kd7 43.Qf8 Qc8 44.Qxf7 Qh8 45.Bg2 Qh6 46.Bxc6+ bxc6 47.Bd4 Qc1+ 
48.Kh2 Qh6+ 49.Kg2 Qd2 50.Be3 Qd5+ 51.Kh3 Qxe5 52.Bf4 Qe4 53.Bg5 Qh1+ 54.
Kg4 Qe4+ 55.Kh5 Qh1+ 56.Bh4 Qd1+ 57.Kh6 Qd2+ 58.f4 1-0

[Event "FIDE World Cup (w)"]
[Site "Khanty-Mansiysk RUS"]
[Date "2012.11.13"]
[Round "1.4"]
[White "Arribas Robaina, Maritza"]
[Black "Khotenashvili, Bela"]
[Result "1/2-1/2"]
[WhiteElo "2273"]
[BlackElo "2504"]
[EventDate "2012.11.11"]
[PlyCount "177"]

1.e4 c6 2.d4 d5 3.e5 Bf5 4.Nf3 e6 5.Be2 Ne7 6.O-O Nd7 7.Be3 Qc7 8.Nh4 Bg6 
9.Nd2 Nf5 10.Nxf5 Bxf5 11.c4 dxc4 12.Nxc4 Be4 13.f4 g6 14.Bf2 Be7 15.Qe1 
Nb6 16.Nd2 Bd5 17.a3 Qd8 18.Bd3 h5 19.Qe2 Kf8 20.Rad1 Kg7 21.Nb1 a5 22.Nc3
a4 23.Be3 Qd7 24.Rd2 Bd8 25.h3 Nc8 26.Ne4 Bxe4 27.Bxe4 h4 28.Qg4 Ne7 29.
Kh1 Ra5 30.Rdf2 Nf5 31.Bxf5 exf5 32.Qd1 Qd5 33.Rc2 Bb6 34.Rd2 Qc4 35.Rf3 
Rb5 36.Bf2 Ba5 37.Rc2 Qd5 38.Rd3 Bb6 39.Re2 Ra5 40.Qe1 Raa8 41.Bxh4 Bd8 
42.Bf6+ Bxf6 43.exf6+ Kxf6 44.Re5 Qd6 45.d5 Kg7 46.Qc3 Qf6 47.dxc6 Qxc6 
48.Rc5+ Qf6 49.Qxf6+ Kxf6 50.Rd6+ Kg7 51.Rc7 Rac8 52.Rxc8 Rxc8 53.Rb6 Rc4 
54.Rxb7 Rxf4 55.b3 Rf1+ 56.Kh2 Ra1 57.bxa4 Rxa3 58.Rb4 g5 59.Kg1 Ra2 60.
Rb5 Kg6 61.a5 f4 62.Rb6+ Kh5 63.a6 f5 64.Rf6 f3 65.gxf3 f4 66.Kf1 Kh4 67.
Rg6 Kg3 68.Rxg5+ Kxf3 69.Kg1 Rxa6 70.h4 Ra1+ 71.Kh2 Kf2 72.h5 Ra6 73.Kh3 
f3 74.Rg6 Ra7 75.h6 Ke1 76.Re6+ Kf1 77.Rf6 f2 78.Kg4 Kg2 79.Kh5 Ra5+ 80.
Kg4 Ra6 81.Rxf2+ Kxf2 82.Kg5 Kg3 83.h7 Ra8 84.Kg6 Kg4 85.Kg7 Kg5 86.h8=Q 
Ra7+ 87.Kg8 Ra8+ 88.Kh7 Rxh8+ 89.Kxh8 1/2-1/2

[Event "FIDE World Cup (w)"]
[Site "Khanty-Mansiysk RUS"]
[Date "2012.11.11"]
[Round "1.1"]
[White "Soumya, Swaminathan"]
[Black "Harika, Dronavalli"]
[Result "1/2-1/2"]
[WhiteElo "2251"]
[BlackElo "2512"]
[EventDate "2012.11.11"]
[PlyCount "58"]

1.e4 e5 2.Nf3 Nc6 3.Bb5 Nf6 4.O-O Nxe4 5.d4 Nd6 6.dxe5 Nxb5 7.a4 Nbd4 8.
Nxd4 Nxd4 9.Qxd4 d5 10.Nc3 c6 11.Qd3 Be6 12.Qg3 h5 13.h3 h4 14.Qf3 Be7 15.
Ne2 Qd7 16.Nd4 c5 17.Nxe6 Qxe6 18.Rd1 O-O-O 19.a5 a6 20.Bf4 g5 21.Bh2 Rhg8
22.Qg4 f5 23.exf6 Qxg4 24.hxg4 Bxf6 25.c3 Rge8 26.Kf1 Re6 27.Rd2 d4 28.
cxd4 Rxd4 29.Rc2 Be7 1/2-1/2

[Event "FIDE World Cup (w)"]
[Site "Khanty-Mansiysk RUS"]
[Date "2012.11.12"]
[Round "1.2"]
[White "Harika, Dronavalli"]
[Black "Soumya, Swaminathan"]
[Result "1-0"]
[WhiteElo "2512"]
[BlackElo "2251"]
[EventDate "2012.11.11"]
[PlyCount "65"]

1.Nf3 Nf6 2.c4 g6 3.b4 Bg7 4.Bb2 O-O 5.e3 b6 6.Be2 c5 7.a3 Bb7 8.O-O d6 9.
d4 Nbd7 10.Qb3 Rb8 11.Nc3 cxd4 12.Nxd4 Ne4 13.Nxe4 Bxe4 14.Nb5 a6 15.Bxg7 
Kxg7 16.Nc3 Bb7 17.Rad1 Nf6 18.f3 Rc8 19.e4 Qc7 20.Rc1 Kg8 21.Qb2 Qb8 22.
Qd2 Kg7 23.Qe3 Nd7 24.f4 a5 25.Bg4 e6 26.Nb5 Nf6 27.Bf3 Ba6 28.e5 dxe5 29.
fxe5 Ne8 30.bxa5 bxa5 31.a4 f6 32.Nd4 Nc7 33.Rb1 1-0